Normal view
MARC view
- Kumar,P.
Entry Personal Name
001 - CONTROL NUMBER
- control field: 6518
003 - CONTROL NUMBER IDENTIFIER
- control field: OSt
005 - DATE AND TIME OF LATEST TRANSACTION
- control field: 20180220080554.0
008 - FIXED-LENGTH DATA ELEMENTS
- fixed length control field: 180220|| aca||aabn | a|a d
040 ## - CATALOGING SOURCE
- Original cataloging agency: OSt
- Transcribing agency: OSt
100 ## - HEADING--PERSONAL NAME
- Personal name: Kumar,P.
670 ## - SOURCE DATA FOUND
- Source citation: Work cat.: (OSt): Kumar,P., Learnwell Computers-1